000 00302nam a2200121Ia 4500
008 191201s2004 xx 000 0 und d
100 _aGOKARNESHAN, N
245 0 _aUseful Formulae in Textile Calculations
260 _c2004
_bNCUTE-IIT DELHI
300 _a176
650 _aB.Tech(TE)
942 _2ddc
_cBK
999 _c6803
_d6803